000 00414nam a2200181Ia 4500
001 19181
003 GE_BSU
008 181216s||||||||xx |||||||||||||| ||und||
040 _cGE_BSU
245 _aParis Match, du 22 AU 28 septembre.2016
245 _b№3514
260 _aParis
260 _c2016
300 _a151p;il,29cm.
653 _aParis Match
653 _aპერიოდიკა
942 _cCR
999 _c52173
_d52173